Jackson and Powell on professional negligence (Record no. 105111)

MARC details
000 -LEADER
fixed length control field 01884cam a2200481 4500
001 - CONTROL NUMBER
control field ##L132374
008 - FIXED-LENGTH DATA ELEMENTS--GENERAL INFORMATION
fixed length control field 000000n2006 000 0 eng u
020 ## - INTERNATIONAL STANDARD BOOK NUMBER
International Standard Book Number 0421914602
035 ## - SYSTEM CONTROL NUMBER
System control number (Sirsi) u132374
041 0# - LANGUAGE CODE
Language code of text/sound track or separate title eng
050 04 - LIBRARY OF CONGRESS CALL NUMBER
Classification number 346.41032
-- 18
245 ## - TITLE STATEMENT
Title Jackson and Powell on professional negligence
Remainder of title fourth cumulative supplement to the fifth edition
-- up-to-date until September 2005
250 ## - EDITION STATEMENT
Edition statement 4th ed.
260 ## - PUBLICATION, DISTRIBUTION, ETC.
Place of publication, distribution, etc. London
Name of publisher, distributor, etc. Sweet and Maxwell
Date of publication, distribution, etc. 2006
300 ## - PHYSICAL DESCRIPTION
Extent lvii, 242p.
Dimensions 24cm.
490 #0 - SERIES STATEMENT
Series statement Sweet and Maxwell Common Law Library
520 ## - SUMMARY, ETC.
Summary, etc. This supplement brings "Jackson and Powell on professional negligence" (ISBN 0421826002) up to date to September 2005, including recent case law.
650 24 - SUBJECT ADDED ENTRY--TOPICAL TERM
Topical term or geographic name entry element PROCEEDS OF CRIME ACT 2002
650 24 - SUBJECT ADDED ENTRY--TOPICAL TERM
Topical term or geographic name entry element THOMSON V CHRISTIE MANSON AND WOODS
650 24 - SUBJECT ADDED ENTRY--TOPICAL TERM
Topical term or geographic name entry element GREGG V SCOTT
650 24 - SUBJECT ADDED ENTRY--TOPICAL TERM
Topical term or geographic name entry element CHESTER V AFSHAR
650 24 - SUBJECT ADDED ENTRY--TOPICAL TERM
Topical term or geographic name entry element MUNKENBECK AND MARSHALL V MICHAEL HAROLD
650 24 - SUBJECT ADDED ENTRY--TOPICAL TERM
Topical term or geographic name entry element MIRANT-ASIA PACIFIC LTD V OVE ARUP AND PARTNERS INTERNATIONAL LTD
650 24 - SUBJECT ADDED ENTRY--TOPICAL TERM
Topical term or geographic name entry element SEYMOUR V CAROLINE OCKWELL AND CO AND ZURICH LTD
690 ## - LOCAL SUBJECT ADDED ENTRY--TOPICAL TERM (OCLC, RLIN)
Topical term or geographic name as entry element MANAGEMENT-BUSINESS MANAGEMENT-PROFESSIONAL PRACTICE-NEGLIGENCE
700 ## - ADDED ENTRY--PERSONAL NAME
Personal name Powell, John L.
International Standard Serial Number General Editor
700 ## - ADDED ENTRY--PERSONAL NAME
Personal name Stewart, Roger
International Standard Serial Number General Editor
700 ## - ADDED ENTRY--PERSONAL NAME
Personal name Cannon, Mark
International Standard Serial Number Editor
700 ## - ADDED ENTRY--PERSONAL NAME
Personal name Elkington, Ben
International Standard Serial Number Editor
700 ## - ADDED ENTRY--PERSONAL NAME
Personal name Evans, Hugh L.
International Standard Serial Number Editor
700 ## - ADDED ENTRY--PERSONAL NAME
Personal name Halpern, David
International Standard Serial Number Editor
700 ## - ADDED ENTRY--PERSONAL NAME
Personal name McPherson, Graeme
International Standard Serial Number Editor
700 ## - ADDED ENTRY--PERSONAL NAME
Personal name Mulcahy, Leigh-Ann
International Standard Serial Number Editor
700 ## - ADDED ENTRY--PERSONAL NAME
Personal name Sinclair, Fiona
International Standard Serial Number Editor
700 ## - ADDED ENTRY--PERSONAL NAME
Personal name Sutherland, Paul
International Standard Serial Number Editor
700 ## - ADDED ENTRY--PERSONAL NAME
Personal name Allen, Scott
International Standard Serial Number Assistant Editor
700 ## - ADDED ENTRY--PERSONAL NAME
Personal name Chapman, Graham
International Standard Serial Number Assistant Editor
700 ## - ADDED ENTRY--PERSONAL NAME
Personal name Day, Anneliese
International Standard Serial Number Assistant Editor
700 ## - ADDED ENTRY--PERSONAL NAME
Personal name Mirchandani, Sian
International Standard Serial Number Assistant Editor
700 ## - ADDED ENTRY--PERSONAL NAME
Personal name Savage, Amanda
International Standard Serial Number Assistant Editor
700 ## - ADDED ENTRY--PERSONAL NAME
Personal name Jackson, Rupert Matthew
Titles and other words associated with a name Sir
Dates associated with a name 1948-
942 ## - ADDED ENTRY ELEMENTS (KOHA)
Suppress in OPAC 0

No items available.